| 000 | 00000nam 2200000zi 4500 |
| 001 | 9.930165 |
| 003 | CaOODSP |
| 005 | 20240611142127 |
| 006 | m o d f |
| 007 | cr cn||||||||| |
| 008 | 231109e200901##oncd ob f000 0 eng d |
| 040 | |aCaOODSP|beng|erda|cCaOODSP |
| 043 | |an-cn--- |
| 086 | 1 |aPS84-225/2009E-PDF |
| 100 | 1 |aNafekh, Mark, |eauthor. |
| 245 | 10|aEvaluation report : |bCorrectional Service Canada's safer tattooing practices pilot initiative / |cprepared by: Mark Nafekh. |
| 246 | 10|aCorrectional Service Canada's safer tattooing practices pilot initiative |
| 264 | 1|a[Ottawa] : |bCorrectional Service Canada = Service correctionnel Canada, |cJanuary 2009. |
| 300 | |a1 online resource (1 volume (various pagings)) : |bgraphs |
| 336 | |atext|btxt|2rdacontent |
| 337 | |acomputer|bc|2rdamedia |
| 338 | |aonline resource|bcr|2rdacarrier |
| 500 | |aCover title. |
| 500 | |aIssued also in French under title: Rapport d'évaluation : initiative sur les pratiques de tatouage sécuritaires, Service correctionnel du Canada. |
| 504 | |aIncludes bibliographical references (page 70). |
| 520 | |a"This report provides findings of the targeted evaluation of the Safer Tattooing Practices Initiative (STPI)"--Executive summary, page v. |
| 610 | 20|aCorrectional Service Canada|xEvaluation. |
| 650 | 0|aPrison tattoos|zCanada|xEvaluation. |
| 650 | 0|aPrison tattoos|zCanada|xSafety measures. |
| 710 | 2 |aCorrectional Service Canada, |eissuing body. |
| 775 | 08|tRapport d'évaluation : |w(CaOODSP)9.933919 |
| 856 | 40|qPDF|s1.83 MB|uhttps://publications.gc.ca/collections/collection_2024/scc-csc/PS84-225-2009-eng.pdf |
| 986 | |a394-2-39 |